000 02664nam1a2200385 i 4500
001 RU\NLR\bibl\799781
005 20260407051343.0
035 _a(NLR Aleph) 000788960
090 _a1109466
_c1109466
100 _a20050516g20039999k y0rusy50 ca
101 0 _arus
102 _aRU
105 _aa |||||||||
200 1 _aСовременная геодинамика и гелиогеодинамика
_e[учебное пособие для ВУЗ'ов]
_fМ-во образования Рос. Федерации, Иркут. гос. техн. ун-т [и др.
_gЛеви К.Г., д.г.-м.н. и др.
_gотв. ред. д.г.-м.н. С.И. Шерман и др.]
210 _aИркутск
_cИзд-во Иркутского государственного технического университета
_d2003
215 _d22х31
300 _aЗагл. обл.: 500-летняя хронология аномальных явлений в Сибири и Монголии
300 _aВ надзаг. также: Иркут. гос. ун-т, Администрация Иркут. обл., Деп. науки и высш. шк., Федер. Целевая Прогр. "Интеграция" [и др.]
463 0 _1001733648
512 1 _a500-летняя хронология аномальных явлений в Сибири и Монголии
606 1 _aГелиогеодинамика
_jРуководства, пособия и т.п.
_92264699
_3RU\NLR\auth\661357672
606 1 _aГелиогеодинамика
_jУчебные издания для высших учебных заведений
_92264699
_3RU\NLR\auth\661357672
606 1 _aГеодинамические процессы современные
_jРуководства, пособия и т.п.
_92604137
_3RU\NLR\auth\661540695
606 1 _aГеодинамические процессы современные
_jУчебные издания для высших учебных заведений
_92604137
_3RU\NLR\auth\661540695
686 _aД38я73
686 _aД205я73
702 1 _4340
_8rus
_7ca
_aШерман
_bС. И.
_f1934-2017
_gСемен Иойнович
_3RU\NLR\AUTH\7720371
_93439
702 1 _aЛеви
_bК. Г.
_gКирилл Георгиевич
_4220
712 0 2 _4570
_aИркутский государственный технический университет
_3RU\NLR\AUTH\8810020577
_9539137
801 0 _aRU
_bNLR
_c20050516
_grcr
801 1 _aRU
_bNLR
_c20050516
830 _aСост. по кн.
852 _aNLR
_j2002-8/2984
942 _cBOOK